The nautical almanac 2007 (Record no. 3340)

000 -LEADER
fixed length control field 00341nam a2200121Ia 4500
008 - FIXED-LENGTH DATA ELEMENTS--GENERAL INFORMATION
fixed length control field 200103s 2007 ||||xx |||||||||||||| ||und||
082 ## - DEWEY DECIMAL CLASSIFICATION NUMBER
Classification number 629.13
Item number NHO
100 ## - MAIN ENTRY--PERSONAL NAME
Personal name National Hydrographic Office
245 #4 - TITLE STATEMENT
Title The nautical almanac 2007
260 ## - PUBLICATION, DISTRIBUTION, ETC. (IMPRINT)
Name of publisher, distributor, etc National Hydrographic Office
Date of publication, distribution, etc 2007
Place of publication, distribution, etc Dehradun
300 ## - PHYSICAL DESCRIPTION
Extent xxxv,319p.
942 ## - ADDED ENTRY ELEMENTS (KOHA)
Item type Books
Holdings
Withdrawn status Lost status Source of classification or shelving scheme Damaged status Not for loan Collection code Permanent location Current location Shelving location Date acquired Full call number Barcode Date last seen Koha item type Public note
          Non-fiction IMU-MPC Library IMU-MPC Library General Stacks 2020-01-08 629.13 NHO LBS12689 2025-03-17 Books Column-5
Copyright © 2021 Indian Maritime University, Mumbai Port Campus. All Rights Reserved. Managed & Maintained by Central Library, IMU-Mumbai

webs counters

Powered by Koha